Democracy, human rights and the rule of law (Record no. 137349)

MARC details
000 -LEADER
fixed length control field 00381nam a2200145Ia 4500
008 - FIXED-LENGTH DATA ELEMENTS--GENERAL INFORMATION
fixed length control field 230917s9999||||xx |||||||||||||| ||und||
040 ## - CATALOGING SOURCE
-- 129186
Original cataloging agency VIVEKANANDA LIBRARY
041 ## - Language
-- English
082 ## - DDC NUMBER
Classification number 342.7 I1D
100 ## - MAIN ENTRY--PERSONAL NAME
Personal name Iyer, Venkat, Ed
245 #0 - TITLE STATEMENT
Title Democracy, human rights and the rule of law
260 ## - PUBLICATION, DISTRIBUTION, ETC. (IMPRINT)
Place of publication, distribution, etc New Delhi
Name of publisher, distributor, etc Butterworth India
Date of publication, distribution, etc 2000
300 ## - PHYSICAL DESCRIPTION
Pages xxv, 276p p.
942 ## - ADDED ENTRY ELEMENTS (KOHA)
Koha item type Books
Holdings
Withdrawn status Lost status Damaged status Not for loan Location (home branch) Sublocation or collection (holding branch) Date acquired Koha issues (times borrowed) Koha full call number Accession No. Koha date last seen Koha item type
        VIVEKANANDA LIBRARY VIVEKANANDA LIBRARY 30/01/2010   342.7 I1D 238924 17/09/2023 Books
© Designed and Maintained by Vivekananda Library, MDU Rohtak